Normal view
MARC view
Entry Personal Name
001 - CONTROL NUMBER
- control field: 714331
003 - CONTROL NUMBER IDENTIFIER
- control field:
005 - DATE AND TIME OF LATEST TRANSACTION
- control field: 20210627043240.0
008 - FIXED-LENGTH DATA ELEMENTS
- fixed length control field: 210627|| aca||aabn | a|a d
040 ## - CATALOGING SOURCE
- Original cataloging agency:
- Transcribing agency:
100 ## - HEADING--PERSONAL NAME
- Personal name: Crandell, Dwight Raymond,
- Dates associated with a name: 1923-
670 ## - SOURCE DATA FOUND
- Source citation: Work cat.: ()588625: Crandell, Dwight Raymond, 1923-, Quaternary stratigraphy and extent of glaciation in the Mount Rainier region, Washington /, 1974
